000 00498nam a2200181Ia 4500
001 13338
005 20260306164754.0
008 260306t2016||||xx |||||||||||||| ||spa||
041 _aESP
082 _a001.42
_bT13
100 _aTafur Portilla, Raúl Arturo
_eAUT
245 0 _aCómo hacer un proyecto de investigación:
_buso de diagramas, matrices y mapas conceptuales
260 _c2016
300 _a278 páginas :
_c24 cm.
650 _aGEN
654 _aCHU
942 _cLIB
_dJUS
_fJUS
_2ddc
_n
999 _c13338
_d13338